|
|
|
|
| LEADER |
01053nam a2200325 4500 |
| 001 |
DLU090092595 |
| 005 |
##20091201 |
| 040 |
# |
# |
|a DLU
|b eng
|
| 041 |
# |
# |
|a eng
|
| 044 |
# |
# |
|a us
|
| 100 |
# |
# |
|a Burtscher, Carola.
|
| 245 |
# |
# |
|a Evaluation of the use of PCR and reverse transcriptase PCR for detection of pathogenic bacteria in biosolids from anaerobic digestors and aerobic composters /
|c Carola Burtscher, Stefan Wuertz.
|
| 653 |
# |
# |
|a Aerobe
|
| 653 |
# |
# |
|a Anaerobic digestion
|
| 653 |
# |
# |
|a Bacteria
|
| 653 |
# |
# |
|a Enzyme
|
| 653 |
# |
# |
|a Nucleotidyltransferases
|
| 653 |
# |
# |
|a Organic waste
|
| 653 |
# |
# |
|a Polymerase chain reaction
|
| 700 |
# |
# |
|a Wuertz, Stefan.
|
| 773 |
# |
# |
|t Applied and Environmental Microbiology
|g Vol. 69, no. 8 (August 2003), p. 4618-4627
|
| 920 |
# |
# |
|a Phòng Tạp chí -- Trung tâm Thông tin - Thư viện Trường Đại học Đà Lạt
|
| 994 |
# |
# |
|a DLU
|
| 900 |
# |
# |
|a True
|
| 911 |
# |
# |
|a Trương Bảo Trâm Anh
|
| 925 |
# |
# |
|a G
|
| 926 |
# |
# |
|a A
|
| 927 |
# |
# |
|a BB
|
| 980 |
# |
# |
|a Thư viện Trường Đại học Đà Lạt
|